[Event "Spakenburg FishPartners op"]
[Site "Spakenburg"]
[Date "2023.07.08"]
[Round "6"]
[White "Timman, Jan H"]
[Black "Slagboom, Leandro"]
[Result "1-0"]
[WhiteElo "2522"]
[BlackElo "2270"]
[PlyCount "67"]
[EventDate "2023.07.08"]
[EventType "swiss (rapid)"]
[EventRounds "7"]
[EventCountry "NED"]
[SourceTitle "CBM 215 Extra"]
[Source "ChessBase"]
[SourceDate "2023.09.30"]
[SourceVersion "1"]
[SourceVersionDate "2023.09.30"]
[SourceQuality "1"]

1. Nf3 d5 2. g3 Nc6 3. d4 Bf5 4. Bg2 Nb4 5. Na3 e6 6. 0-0 Be7 7. c3 Nc6 8. Nc2 h5 9. h4 Nf6 10. Ng5 0-0 11. Re1 Ne4 12. Nxe4 Bxe4 13. Bxe4 dxe4 14. Ne3 Qd7 15. d5 exd5 16. Qxd5 Qxd5 17. Nxd5 Rad8 18. Rd1 Bd6 19. Bf4 Ne5 20. Rd4 f5 21. Ne3 g6 22. Rad1 Rde8 23. Rd5 Nf7 24. Ng2 Kg7 25. c4 Bxf4 26. Nxf4 Ne5 27. b3 Kf7 28. Kg2 a6 29. f3 exf3+ 30. exf3 Nc6 31. Rd7+ Re7 32. Rxe7+ Nxe7 33. Rd7 c6 34. Rxe7+ 1-0

[Event "Spakenburg FishPartners op"]
[Site "Spakenburg"]
[Date "2023.07.08"]
[Round "2"]
[White "Timman, Jan H"]
[Black "Van Twillert, Laurents"]
[Result "1-0"]
[WhiteElo "2522"]
[BlackElo "2062"]
[PlyCount "53"]
[EventDate "2023.07.08"]
[EventType "swiss (rapid)"]
[EventRounds "7"]
[EventCountry "NED"]
[SourceTitle "CBM 215 Extra"]
[Source "ChessBase"]
[SourceDate "2023.09.30"]
[SourceVersion "1"]
[SourceVersionDate "2023.09.30"]
[SourceQuality "1"]

1. e4 c5 2. Nf3 Nf6 3. Nc3 d5 4. exd5 Nxd5 5. Bb5+ Bd7 6. Bc4 Nxc3 7. dxc3 Nc6 8. Qe2 e6 9. Bf4 Be7 10. 0-0-0 Qc8 11. h4 a6 12. Rd2 b5 13. Bd3 h6 14. Rhd1 Ra7 15. Qe3 b4 16. cxb4 Nxb4 17. Bc4 Bc6 18. Bd6 Bxd6 19. Rxd6 Bxf3 20. gxf3 0-0 21. Rxe6 Rd7 22. Rxd7 Qxd7 23. Re7 Qc6 24. Qe4 Qf6 25. Rxf7 Rxf7 26. Qe8+ Kh7 27. Bxf7 1-0

[Event "Spakenburg FishPartners op"]
[Site "Spakenburg"]
[Date "2022.07.02"]
[Round "2"]
[White "Timman, Jan H"]
[Black "Bierenbroodspot, Paul"]
[Result "1-0"]
[WhiteElo "2524"]
[BlackElo "2093"]
[PlyCount "35"]
[EventDate "2022.07.02"]
[EventType "swiss"]
[EventRounds "7"]
[EventCountry "NED"]
[SourceTitle "EXT 2023"]
[Source "ChessBase"]
[SourceDate "2022.10.05"]
[SourceVersion "1"]
[SourceVersionDate "2022.10.05"]
[SourceQuality "1"]

1. e4 e5 2. Nf3 Nc6 3. Bb5 a6 4. Bxc6 dxc6 5. 0-0 Bg4 6. h3 Bh5 7. d3 f6 8. Be3 Qd6 9. Nbd2 Bf7 10. d4 0-0-0 11. Qe2 h6 12. Rfd1 exd4 13. Nxd4 Ne7 14. Nc4 Qb4 15. Qg4+ Kb8 16. b3 h5 17. Qe2 Nc8 18. Nxc6+ 1-0

[Event "Spakenburg FishPartners op"]
[Site "Spakenburg"]
[Date "2022.07.02"]
[Round "5"]
[White "Timman, Jan H"]
[Black "Bok, Benjamin"]
[Result "1/2-1/2"]
[WhiteElo "2524"]
[BlackElo "2608"]
[PlyCount "22"]
[EventDate "2022.07.02"]
[EventType "swiss"]
[EventRounds "7"]
[EventCountry "NED"]
[SourceTitle "EXT 2023"]
[Source "ChessBase"]
[SourceDate "2022.10.05"]
[SourceVersion "1"]
[SourceVersionDate "2022.10.05"]
[SourceQuality "1"]

1. e4 e5 2. Nf3 Nc6 3. d4 exd4 4. Nxd4 Nf6 5. Nc3 Bb4 6. Nxc6 bxc6 7. Bd3 0-0 8. 0-0 d5 9. exd5 cxd5 10. Qf3 c6 11. Bg5 Bd6 1/2-1/2

[Event "Spakenburg FishPartners op"]
[Site "Spakenburg"]
[Date "2022.07.02"]
[Round "1"]
[White "Van Leeuwen, Jan Matthijs"]
[Black "Timman, Jan H"]
[Result "0-1"]
[WhiteElo "1892"]
[BlackElo "2524"]
[PlyCount "46"]
[EventDate "2022.07.02"]
[EventType "swiss"]
[EventRounds "7"]
[EventCountry "NED"]
[SourceTitle "EXT 2023"]
[Source "ChessBase"]
[SourceDate "2022.10.05"]
[SourceVersion "1"]
[SourceVersionDate "2022.10.05"]
[SourceQuality "1"]

1. e4 c5 2. d4 cxd4 3. c3 dxc3 4. Nxc3 e6 5. Nf3 a6 6. Bc4 Nc6 7. 0-0 d6 8. Qe2 Nf6 9. Rd1 Qc7 10. Bf4 Nd7 11. Rac1 Be7 12. a3 0-0 13. b4 Nde5 14. Bxe5 dxe5 15. b5 axb5 16. Nxb5 Qb6 17. Nd6 Bxd6 18. Rxd6 Qc5 19. Rdd1 Qxa3 20. Qc2 Qe7 21. Bb5 Bd7 22. Bxc6 Bxc6 23. Nxe5 Ba4 0-1

[Event "NED-ch rapid 5th"]
[Site "Amstelveen"]
[Date "2019.12.01"]
[Round "3"]
[White "Van den Doel, Erik"]
[Black "Timman, Jan H"]
[Result "1/2-1/2"]
[WhiteElo "2598"]
[BlackElo "2528"]
[PlyCount "63"]
[EventDate "2019.12.01"]
[EventType "tourn (rapid)"]
[EventRounds "7"]
[EventCountry "NED"]
[EventCategory "14"]
[SourceTitle "CBM 193 Extra"]
[Source "ChessBase"]
[SourceDate "2020.01.31"]
[SourceVersion "1"]
[SourceVersionDate "2020.01.31"]
[SourceQuality "1"]

1. e4 e6 2. d4 d5 3. Nd2 c5 4. Ngf3 cxd4 5. Nxd4 Nc6 6. Bb5 Bd7 7. Nxc6 bxc6 8. Bd3 Qc7 9. Qe2 Bd6 10. Nf3 dxe4 11. Qxe4 Nf6 12. Qh4 c5 13. Bg5 Nd5 14. 0-0 f6 15. Qh5+ Ke7 16. Bd2 Bf4 17. c4 g6 18. Qh4 Bxd2 19. cxd5 Qf4 20. Qxf4 Bxf4 21. dxe6 Bxe6 22. Rfe1 Kf7 23. Re4 Bd6 24. Bc4 Bxc4 25. Rxc4 Rhd8 26. Kf1 a5 27. Rd1 a4 28. Rd3 Rab8 29. b3 axb3 30. axb3 Be7 31. Rxd8 Bxd8 32. Rxc5 1/2-1/2

[Event "Hoogeveen m2 23rd"]
[Site "Hoogeveen"]
[Date "2019.10.20"]
[Round "1"]
[White "Abdumalik, Zhansaya"]
[Black "Timman, Jan H"]
[Result "1-0"]
[WhiteElo "2472"]
[BlackElo "2528"]
[PlyCount "79"]
[EventDate "2019.10.20"]
[EventType "match"]
[EventRounds "6"]
[EventCountry "NED"]
[SourceTitle "CBM 192 Extra"]
[Source "Chessbase"]
[SourceDate "2019.11.06"]
[SourceVersion "1"]
[SourceVersionDate "2019.11.06"]
[SourceQuality "1"]

1. e4 c5 2. Nf3 d6 3. d4 cxd4 4. Nxd4 Nf6 5. Nc3 a6 6. h3 e6 7. g4 d5 8. exd5 Nxd5 9. Bg2 Nxc3 10. bxc3 e5 11. Qe2 Bd6 12. Nf5 Bxf5 13. gxf5 Qc7 14. Rb1 Nc6 15. Qg4 Na5 16. 0-0 f6 17. Be3 Qc4 18. Qxg7 Rg8 19. Qxf6 Be7 20. Qe6 Qxe6 21. fxe6 b5 22. Kh2 Rc8 23. Bf3 Bf6 24. Rbd1 Nc4 25. Rd7 Be7 26. Bh5+ Rg6 27. Bxg6+ hxg6 28. Rg1 Nxe3 29. fxe3 Rxc3 30. Rxg6 Kf8 31. Ra7 Rxc2+ 32. Rg2 Rc8 33. Rxa6 e4 34. Rf2+ Ke8 35. Kg3 Bg5 36. Kg4 Bxe3 37. Re2 Rc3 38. h4 Ke7 39. h5 b4 40. h6 1-0

[Event "Helsingor Xtracon op"]
[Site "Helsingor"]
[Date "2019.07.23"]
[Round "5"]
[White "Timman, Jan H"]
[Black "Buchal, Stephan"]
[Result "1/2-1/2"]
[WhiteElo "2549"]
[BlackElo "2260"]
[PlyCount "58"]
[EventDate "2019.07.20"]
[EventType "swiss"]
[EventRounds "10"]
[EventCountry "DEN"]
[SourceTitle "CBM 191 Extra"]
[Source "ChessBase"]
[SourceDate "2019.09.30"]
[SourceVersion "1"]
[SourceVersionDate "2019.09.30"]
[SourceQuality "1"]

1. e4 d6 2. d4 Nf6 3. Nc3 g6 4. f4 Bg7 5. Nf3 c5 6. Bb5+ Bd7 7. e5 Ng4 8. e6 fxe6 9. Ng5 Bxb5 10. Nxb5 Qa5+ 11. c3 Qxb5 12. Nxe6 Qc4 13. Qxg4 cxd4 14. f5 Bf6 15. fxg6 hxg6 16. Qxg6+ Kd7 17. Nxd4 Bxd4 18. Qg4+ Qe6+ 19. Qxe6+ Kxe6 20. cxd4 Rh4 21. 0-0 Nc6 22. Bf4 Kd5 23. g3 Rg8 24. Kh1 Rh3 25. Rad1 Nxd4 26. Bxd6 e5 27. Bxe5 Kxe5 28. Rfe1+ Kd5 29. Re7 Rgh8 1/2-1/2

[Event "Helsingor Xtracon op"]
[Site "Helsingor"]
[Date "2019.07.21"]
[Round "3"]
[White "Timman, Jan H"]
[Black "Soraas, Torben"]
[Result "1-0"]
[WhiteElo "2549"]
[BlackElo "2266"]
[PlyCount "81"]
[EventDate "2019.07.20"]
[EventType "swiss"]
[EventRounds "10"]
[EventCountry "DEN"]
[SourceTitle "CBM 191 Extra"]
[Source "ChessBase"]
[SourceDate "2019.09.30"]
[SourceVersion "1"]
[SourceVersionDate "2019.09.30"]
[SourceQuality "1"]

1. Nf3 Nf6 2. g3 c5 3. c4 Nc6 4. Bg2 g6 5. 0-0 Bg7 6. d4 Nxd4 7. Nxd4 cxd4 8. Qxd4 0-0 9. Nc3 d6 10. Qd3 a6 11. Be3 Bf5 12. Qd2 Ng4 13. Bf4 Rc8 14. h3 Ne5 15. b3 b5 16. Bh6 Bxh6 17. Qxh6 bxc4 18. b4 Nc6 19. a3 Nd4 20. g4 Bd7 21. Rfd1 Nb5 22. Ne4 f6 23. a4 Nc7 24. Nc3 Rb8 25. Rab1 Qe8 26. Qe3 f5 27. Rd4 Qf7 28. Nd5 e5 29. Nxc7 exd4 30. Qxd4 Qf6 31. Qxc4+ Kh8 32. Nd5 Qe5 33. f4 Qg7 34. g5 Bxa4 35. Qxa6 Bc2 36. Rc1 Qb2 37. Rxc2 Qxc2 38. Qa1+ Kg8 39. Ne7+ Kf7 40. Nc6 Rb7 41. Qf6+ 1-0

[Event "Spakenburg FishPartners op"]
[Site "Spakenburg"]
[Date "2019.06.29"]
[Round "6"]
[White "Van Brummelen, Kevin"]
[Black "Timman, Jan H"]
[Result "0-1"]
[WhiteElo "2036"]
[BlackElo "2549"]
[PlyCount "70"]
[EventDate "2019.06.29"]
[EventType "swiss (rapid)"]
[EventRounds "7"]
[EventCountry "NED"]
[SourceTitle "CBM 191 Extra"]
[Source "ChessBase"]
[SourceDate "2019.09.30"]
[SourceVersion "1"]
[SourceVersionDate "2019.09.30"]
[SourceQuality "1"]

1. Nf3 Nf6 2. c4 c5 3. g3 b6 4. Bg2 Bb7 5. 0-0 g6 6. b3 Bg7 7. Bb2 0-0 8. Nc3 Na6 9. Qc2 Rc8 10. a3 d5 11. Nxd5 Nxd5 12. Bxg7 Kxg7 13. cxd5 Qxd5 14. Qb2+ f6 15. d4 cxd4 16. Ne1 Qd7 17. Bxb7 Qxb7 18. Qxd4 Nc5 19. Qe3 Qe4 20. Qxe4 Nxe4 21. Nd3 Nd2 22. Rfd1 Nxb3 23. Rab1 Nd4 24. Rb2 Rfd8 25. Kg2 Kf7 26. a4 Nc6 27. Rc2 Nd4 28. Rb2 Rd6 29. Kf1 Rcd8 30. Nb4 Ne6 31. Rd3 Nc5 32. Ra3 Rd1+ 33. Kg2 R8d2 34. Rxd2 Rxd2 35. e3 a5 0-1

[Event "Prague Cez Trophy m2"]
[Site "Prague"]
[Date "2019.06.19"]
[Round "10"]
[White "Timman, Jan H"]
[Black "Nguyen, Thai Dai Van"]
[Result "0-1"]
[WhiteElo "2549"]
[BlackElo "2529"]
[PlyCount "60"]
[EventDate "2019.06.17"]
[EventType "match (rapid)"]
[EventRounds "10"]
[EventCountry "CZE"]
[SourceTitle "CBM 190 Extra"]
[Source "ChessBase"]
[SourceDate "2019.07.15"]
[SourceVersion "1"]
[SourceVersionDate "2019.07.15"]
[SourceQuality "1"]

1. c4 Nf6 2. Nf3 e6 3. g3 d5 4. b3 Be7 5. Bb2 0-0 6. Bg2 c5 7. 0-0 Nc6 8. e3 b6 9. Nc3 Ba6 10. d3 Rc8 11. Qe2 Qc7 12. Nb5 Qb8 13. Rad1 Rfd8 14. Bh3 Bb7 15. g4 a6 16. g5 axb5 17. gxf6 Bxf6 18. Bxf6 gxf6 19. cxb5 Ne7 20. d4 Kh8 21. Kh1 Rg8 22. Nh4 cxd4 23. Qf3 Qe5 24. exd4 Qe4 25. Qxe4 dxe4 26. Ng2 f5 27. Rfe1 Nd5 28. Rd2 Rc3 29. Ne3 f4 30. Nxd5 Bxd5 0-1

[Event "Prague Cez Trophy m2"]
[Site "Prague"]
[Date "2019.06.18"]
[Round "5"]
[White "Nguyen, Thai Dai Van"]
[Black "Timman, Jan H"]
[Result "1/2-1/2"]
[WhiteElo "2529"]
[BlackElo "2549"]
[PlyCount "61"]
[EventDate "2019.06.17"]
[EventType "match (rapid)"]
[EventRounds "10"]
[EventCountry "CZE"]
[SourceTitle "CBM 190 Extra"]
[Source "ChessBase"]
[SourceDate "2019.07.15"]
[SourceVersion "1"]
[SourceVersionDate "2019.07.15"]
[SourceQuality "1"]

1. d4 Nf6 2. c4 e6 3. Nf3 b6 4. g3 Ba6 5. Qc2 Bb7 6. Bg2 c5 7. d5 exd5 8. cxd5 Nxd5 9. 0-0 Be7 10. Rd1 Nc6 11. Qa4 Nf6 12. Nh4 0-0 13. Nf5 d5 14. Nc3 Nd4 15. Nxd4 cxd4 16. Qxd4 Bc5 17. Qa4 Qe8 18. Qxe8 Rfxe8 19. e3 Rac8 20. Bd2 Bd6 21. Nb5 Be5 22. Bc3 Bxc3 23. Nxc3 Rc5 24. Rd4 Ne4 25. Bxe4 dxe4 26. Rad1 Kf8 27. Rd7 Re7 28. Rd8+ Re8 29. R8d7 Re7 30. Rd8+ Re8 31. R8d7 1/2-1/2

[Event "Bundesliga 1819"]
[Site "Germany"]
[Date "2019.03.09"]
[Round "12.6"]
[White "Timman, Jan H"]
[Black "Prusikin, Michael"]
[Result "1/2-1/2"]
[WhiteElo "2541"]
[BlackElo "2510"]
[PlyCount "47"]
[EventDate "2018.11.10"]
[EventType "team-tourn"]
[EventRounds "15"]
[EventCountry "GER"]
[SourceTitle "CBM 189 Extra"]
[Source "ChessBase"]
[SourceDate "2019.06.03"]
[SourceVersion "1"]
[SourceVersionDate "2019.06.03"]
[SourceQuality "1"]
[WhiteTeam "Duesseldorf"]
[BlackTeam "Augsburg"]
[WhiteTeamCountry "GER"]
[BlackTeamCountry "GER"]

1. Nf3 d5 2. g3 Nd7 3. d4 Ngf6 4. Bg2 b5 5. Nc3 b4 6. Na4 e6 7. 0-0 c5 8. a3 bxa3 9. c4 Bb7 10. b3 dxc4 11. bxc4 cxd4 12. Qxd4 Nb6 13. Qxd8+ Rxd8 14. Nxb6 axb6 15. Bxa3 Bxa3 16. Rxa3 Bxf3 17. Bxf3 Ke7 18. Bc6 Kd6 19. Bb5 Ra8 20. Rd3+ Ke7 21. Rfd1 Rhd8 22. Rxd8 Rxd8 23. Ra1 Ne4 24. Ra7+ 1/2-1/2

[Event "NED-ch rapid 4th"]
[Site "Amstelveen"]
[Date "2018.11.18"]
[Round "2"]
[White "Timman, Jan H"]
[Black "Spoelman, Wouter"]
[Result "1/2-1/2"]
[WhiteElo "2541"]
[BlackElo "2573"]
[PlyCount "69"]
[EventDate "2018.11.18"]
[EventType "tourn (rapid)"]
[EventRounds "7"]
[EventCountry "NED"]
[EventCategory "14"]
[SourceTitle "CBM 187 Extra"]
[Source "ChessBase"]
[SourceDate "2018.11.04"]
[SourceVersion "1"]
[SourceVersionDate "2018.11.04"]
[SourceQuality "1"]

1. Nf3 d5 2. g3 c6 3. Bg2 Nf6 4. c4 e6 5. b3 Nbd7 6. Bb2 Bd6 7. d4 0-0 8. 0-0 b5 9. Nbd2 a5 10. Qc2 bxc4 11. bxc4 Ba6 12. Rfe1 Rb8 13. c5 Bc7 14. Bc3 Qe7 15. e4 dxe4 16. Nxe4 Bc4 17. Nxf6+ Nxf6 18. Ne5 Bxe5 19. dxe5 Nd5 20. Bd2 Ba6 21. Bxa5 Rb5 22. Bd2 Rxc5 23. Qa4 Bb5 24. Qg4 Bd3 25. Bb4 Nxb4 26. Qxb4 Qa7 27. Qd4 Qa3 28. Qd6 Bb5 29. Be4 g6 30. Kg2 Qc3 31. a4 Ba6 32. Bf3 Qa5 33. Rac1 Rxc1 34. Rxc1 Qxa4 35. Qxc6 1/2-1/2

[Event "Helsingor Xtracon op"]
[Site "Helsingor"]
[Date "2018.07.29"]
[Round "10"]
[White "Tryggestad, Andreas Garberg"]
[Black "Timman, Jan H"]
[Result "0-1"]
[WhiteElo "2302"]
[BlackElo "2555"]
[PlyCount "78"]
[EventDate "2018.07.21"]
[EventType "swiss"]
[EventRounds "10"]
[EventCountry "DEN"]
[SourceTitle "CBM 185 Extra"]
[Source "ChessBase"]
[SourceDate "2018.07.29"]
[SourceVersion "1"]
[SourceVersionDate "2018.07.29"]
[SourceQuality "1"]

1. e4 d6 2. d4 Nf6 3. Nc3 g6 4. Be3 c6 5. f3 Bg7 6. h4 Qb6 7. Rb1 Qc7 8. Qd2 b5 9. a4 a6 10. Ra1 b4 11. Nd1 c5 12. c3 bxc3 13. bxc3 Nc6 14. Bd3 Na5 15. Qa2 Be6 16. d5 Bd7 17. Ne2 e6 18. c4 exd5 19. exd5 0-0 20. Ndc3 Rfe8 21. Bf2 Ng4 22. 0-0 Nxf2 23. Rxf2 Rab8 24. Rc1 Nb3 25. Rb1 Nd4 26. Rff1 Rb4 27. Qd2 Reb8 28. h5 Qd8 29. hxg6 hxg6 30. Qf4 Be5 31. Qh6 Bf5 32. Bxf5 Nxf5 33. Qh3 Qe7 34. Rbe1 Rxc4 35. f4 Bg7 36. Ng3 Rxc3 37. Rxe7 Rxg3 38. Qh2 Bd4+ 39. Kh1 Rgb3 0-1

[Event "Helsingor Xtracon op"]
[Site "Helsingor"]
[Date "2018.07.21"]
[Round "1"]
[White "Timman, Jan H"]
[Black "Henningsen, Lasse"]
[Result "1-0"]
[WhiteElo "2555"]
[BlackElo "1930"]
[PlyCount "55"]
[EventDate "2018.07.21"]
[EventType "swiss"]
[EventRounds "10"]
[EventCountry "DEN"]
[SourceTitle "CBM 185 Extra"]
[Source "ChessBase"]
[SourceDate "2018.07.29"]
[SourceVersion "1"]
[SourceVersionDate "2018.07.29"]
[SourceQuality "1"]

1. Nf3 Nf6 2. g3 g6 3. b3 Bg7 4. Bb2 0-0 5. Bg2 d6 6. d4 c6 7. 0-0 Nbd7 8. Nbd2 Re8 9. Re1 d5 10. c4 e6 11. Qc2 Bf8 12. e4 dxe4 13. Nxe4 Nxe4 14. Qxe4 Bd6 15. Rad1 Nf6 16. Qc2 Be7 17. Ne5 Qc7 18. Qd2 Rd8 19. Qf4 Qd6 20. d5 exd5 21. cxd5 cxd5 22. Bxd5 Be6 23. Bxe6 Qxe6 24. Nxg6 Rxd1 25. Nxe7+ Qxe7 26. Rxd1 Ne8 27. Qg4+ Kf8 28. Rd7 1-0

[Event "BL2-West 1718"]
[Site "Germany"]
[Date "2018.02.25"]
[Round "7.1"]
[White "Heberla, Bartlomiej"]
[Black "Timman, Jan H"]
[Result "1/2-1/2"]
[WhiteElo "2551"]
[BlackElo "2575"]
[PlyCount "105"]
[EventDate "2017.10.08"]
[EventType "team-tourn"]
[EventRounds "9"]
[EventCountry "GER"]
[SourceTitle "CBM 183 Extra"]
[Source "ChessBase"]
[SourceDate "2018.04.19"]
[SourceVersion "1"]
[SourceVersionDate "2018.04.19"]
[SourceQuality "1"]
[WhiteTeam "Dortmund Hansa"]
[BlackTeam "Duesseldorf"]
[WhiteTeamCountry "GER"]
[BlackTeamCountry "GER"]

1. e4 e5 2. Nf3 Nc6 3. Bc4 Nf6 4. d3 Be7 5. 0-0 0-0 6. Re1 d6 7. a4 Be6 8. a5 a6 9. Nbd2 Qd7 10. c3 Rae8 11. Qb3 Qc8 12. h3 Bd8 13. Nf1 Ne7 14. Ng3 Ng6 15. Bxe6 fxe6 16. d4 Nd7 17. Qd1 c5 18. d5 c4 19. Ra4 b5 20. axb6 Nxb6 21. Ra2 exd5 22. exd5 Qb7 23. Ne4 Be7 24. Ra5 h6 25. Qe2 Rf7 26. Rd1 Ref8 27. Nh2 Kh8 28. g3 Rc8 29. Qh5 Kh7 30. Ng4 Nh8 31. Nxh6 gxh6 32. Qxh6+ Kg8 33. Nxd6 Bxd6 34. Qxd6 Re8 35. Be3 Nd7 36. Qxa6 Qxb2 37. Qxc4 Ng6 38. Ra6 Kg7 39. Qd3 e4 40. Bd4+ Kh7 41. Qe3 Nde5 42. Bxe5 Rxe5 43. Ra7 Rxa7 44. Qxa7+ Re7 45. Qe3 Qb3 46. Rd4 Qb1+ 47. Kg2 Nh4+ 48. gxh4 Rg7+ 49. Qg5 Qe1 50. d6 e3 51. Qxg7+ Kxg7 52. fxe3 Qe2+ 53. Kh1 1/2-1/2